Ballon d'Or - classement 2010 - Statistiques

Statistiques générales
  • Ce quiz a été pris 95 fois
  • Le résultat moyen est 18 sur 23
Statistiques - réponses
Poste Club Nationalité Rang Réponse % Correct
Milieu FC Barcelone Espagne 2 Andrés Iniesta
100%
Attaquant FC Barcelone Argentine 1 Lionel Messi
100%
Milieu FC Barcelone Espagne 3 Xavi
100%
Attaquant Real Madrid Portugal 6 Cristiano Ronaldo
98%
Attaquant Chelsea Côte d'Ivoire 9 Didier Drogba
94%
Gardien Real Madrid Espagne 7 Iker Casillas
94%
Attaquant Inter Milan Cameroun 12 Samuel Eto'o
92%
Défenseur FC Barcelone Espagne 11 Carles Puyol
89%
Attaquant Bayern Munich Pays-Bas 14 Arjen Robben
84%
Attaquant FC Barcelone Espagne 8 David Villa
83%
Milieu Inter Milan Pays Bas 4 Wesley Sneijder
83%
Attaquant Atlético Madrid Uruguay 5 Diego Forlán
81%
Attaquant Bayern Munich Allemagne 15 Thomas Müller
72%
Milieu Real Madrid Espagne 10 Xabi Alonso
69%
Défenseur FC Barcelone Brésil 22 Dani Alves
67%
Milieu Real Madrid Allemagne 13 Mesut Özil
67%
Milieu Arsenal Espagne 20 Cesc Fàbregas
65%
Attaquant Bayern Munich Allemagne 21 Miroslav Klose
60%
Gardien Inter Milan Brésil 19 Júlio César
59%
Milieu Bayern Munich Allemagne 16 Bastian Schweinsteiger
58%
Défenseur Bayern Munich Allemagne 23 Philipp Lahm
55%
Défenseur Inter Milan Brésil 17 Douglas Maicon
52%
Attaquant Sunderland Ghana 18 Asamoah Gyan
41%
Aucun quiz correspondant
Distribution des résultats
% des personnes avec chaque résultat
Percentile par nombre de réponses
Votre historique - résultats
Vous n’avez pas pris ce quiz